Ekologické poľnohospodárstvo v SR a jeho organizačné zabezpečenie

Uplatňovanie ekologického poľnohospodárstva a minimalizácia negatívnych vplyvov poľnohospodárstva na životné prostredie. Trvalo udržateľné systémy hospodárenia. Rozvoj ekologického poľnohospodárstva na Slovensku.

Guardado en:
Detalles Bibliográficos
Autor principal: Vybíralová, Júlia
Formato: Capítulo de libro
Lenguaje:eslovaco
Materias:
Etiquetas: Agregar Etiqueta
Sin Etiquetas, Sea el primero en etiquetar este registro!

MARC

LEADER 00000naa$a2200000$$$4500
001 0134840
005 20240502072519.9
041 0 |a slo 
044 |a SK 
245 1 0 |a Ekologické poľnohospodárstvo v SR a jeho organizačné zabezpečenie  |c Júlia Vybíralová 
520 |a Uplatňovanie ekologického poľnohospodárstva a minimalizácia negatívnych vplyvov poľnohospodárstva na životné prostredie. Trvalo udržateľné systémy hospodárenia. Rozvoj ekologického poľnohospodárstva na Slovensku. 
610 2 0 |a Slovensko 
610 2 0 |a poľnohospodárstvo 
610 2 0 |a výrobky poľnohospodárske 
610 2 0 |a výroba poľnohospodárska 
610 2 0 |a agropotravinárstvo 
610 2 0 |a výživa 
610 2 0 |a bioprodukty 
610 2 0 |a ekológia 
610 2 0 |a prostredie životné 
100 1 |a Vybíralová, Júlia